00386nam a2200133Ia 4500008004000000020001800040082001900058100002000077245006000097260003600157300001000193650003300203700001600236210210b2000 xxu||||| |||| 00| 0 eng d a81 250 1660 0 a820.30109 RAME aRAMANAN (Mohan) aEnglish and the Indian short story: essays in criticism aHyderabadbOrient Longmanc2000 ax,155 aEnglish Indian short stories aSAILAJA (P)